000
00286nam a2200109Ia 4500
008
220120s9999||||xx |||||||||||||| ||und||
100
_a
Ramachandra H.D
_9
11809
245
0
_a
Mechatronics and microprocessors
260
_a
Sudha publication
_c
2015
300
_b
115
650
_a
MECHANICHAL
999
_c
137286
_d
137286